| 000 | 00814nam a2200217Ii 4500 | ||
|---|---|---|---|
| 003 | JO-AjNU | ||
| 008 | 230605s9999||||xx |||||||||||||| ||und|| | ||
| 017 | _a1990/2/101 | ||
| 040 |
_aJO-AjNU _bara _erda _cJO-AjNU |
||
| 041 | _aara | ||
| 050 | 1 | 4 | _aHQ769 .T3424 1996 |
| 100 | 3 |
_aتأليف: المنر، عصام / م.مشارك: عزة العمد، امية بدران, _eauthor _99878 |
|
| 245 | 0 | 0 | _aتخطيط برامج تربية الطفل وتطويرها |
| 250 | _aط2 | ||
| 264 | 3 | 1 | _aعمان: دار الفكر للطباعة والنشر والتوزيع، 1996 |
| 300 |
_a127ص _bيحتوي ببلوغرافية |
||
| 336 |
_atext _btxt _2rdacontent |
||
| 337 |
_aunmediated _bn _2rdamedia |
||
| 338 |
_avolume _bnc _2rdacarrier |
||
| 650 | 4 |
_aرياض الاطفال - تربية الطفل _99879 |
|
| 999 |
_aA1523 _c5091 _d5091 |
||